<?xml version="1.0" encoding="UTF-8"?>
<record
    xmlns:xsi="http://www.w3.org/2001/XMLSchema-instance"
    xsi:schemaLocation="http://www.loc.gov/MARC21/slim http://www.loc.gov/standards/marcxml/schema/MARC21slim.xsd"
    xmlns="http://www.loc.gov/MARC21/slim">

  <leader>03657nam a2200565Ia 4500</leader>
  <controlfield tag="001">543</controlfield>
  <controlfield tag="008">241029s9999    xx            000 0 und d</controlfield>
  <datafield tag="010" ind1=" " ind2=" ">
    <subfield code="a">493</subfield>
  </datafield>
  <datafield tag="041" ind1=" " ind2=" ">
    <subfield code="a">Espa&#xF1;ol</subfield>
  </datafield>
  <datafield tag="082" ind1=" " ind2=" ">
    <subfield code="a">ISFODOSU TMGC 12-0006 BFEM EJ.1</subfield>
  </datafield>
  <datafield tag="245" ind1=" " ind2="0">
    <subfield code="a">La gesti&#xF3;n del proyecto educativo de centro, a nivel institucional y pedag&#xF3;gico en el desarrollo de estrategias y actividades en los Centros Educativos Nivel B&#xE1;sico de la Regional No. 7, Distrito Educativo 10-06 de Mendoza, periodo 2010-2011</subfield>
  </datafield>
  <datafield tag="260" ind1=" " ind2=" ">
    <subfield code="a">Santo Domingo</subfield>
  </datafield>
  <datafield tag="300" ind1=" " ind2=" ">
    <subfield code="a">81</subfield>
  </datafield>
  <datafield tag="520" ind1=" " ind2=" ">
    <subfield code="a">9</subfield>
  </datafield>
  <datafield tag="630" ind1=" " ind2=" ">
    <subfield code="a">Centros Educativos</subfield>
  </datafield>
  <datafield tag="630" ind1=" " ind2=" ">
    <subfield code="a">Estrategia Docente</subfield>
  </datafield>
  <datafield tag="630" ind1=" " ind2=" ">
    <subfield code="a">Instituciones Educativas</subfield>
  </datafield>
  <datafield tag="630" ind1=" " ind2=" ">
    <subfield code="a">Pedagog&#xED;a</subfield>
  </datafield>
  <datafield tag="650" ind1=" " ind2=" ">
    <subfield code="a">Gesti&#xF3;n Educativa</subfield>
  </datafield>
  <datafield tag="690" ind1=" " ind2=" ">
    <subfield code="a">Elaborado</subfield>
  </datafield>
  <datafield tag="700" ind1=" " ind2=" ">
    <subfield code="e">asesor</subfield>
    <subfield code="a">De Jes&#xFA;s Contreras , Zeneyda </subfield>
  </datafield>
  <datafield tag="700" ind1=" " ind2=" ">
    <subfield code="e">autor</subfield>
    <subfield code="a">Almanzar , Grey Elizabeth </subfield>
  </datafield>
  <datafield tag="700" ind1=" " ind2=" ">
    <subfield code="e">autor</subfield>
    <subfield code="a">Aquino Encarnaci&#xF3;n , Mireya </subfield>
  </datafield>
  <datafield tag="901" ind1=" " ind2=" ">
    <subfield code="a">{"1":"Almanzar ","2":"Aquino Encarnaci&#xF3;n "}</subfield>
    <subfield code="b">{"1":"Grey Elizabeth ","2":"Mireya "}</subfield>
  </datafield>
  <datafield tag="902" ind1=" " ind2=" ">
    <subfield code="a">1</subfield>
  </datafield>
  <datafield tag="903" ind1=" " ind2=" ">
    <subfield code="a">{"1":"De Jes&#xFA;s Contreras "}</subfield>
    <subfield code="b">{"1":"Zeneyda "}</subfield>
  </datafield>
  <datafield tag="904" ind1=" " ind2=" ">
    <subfield code="a">Mag&#xED;ster en</subfield>
  </datafield>
  <datafield tag="905" ind1=" " ind2=" ">
    <subfield code="a">Gesti&#xF3;n de Centros Educativos</subfield>
  </datafield>
  <datafield tag="906" ind1=" " ind2=" ">
    <subfield code="a">2</subfield>
  </datafield>
  <datafield tag="907" ind1=" " ind2=" ">
    <subfield code="a">NO APLICA</subfield>
  </datafield>
  <datafield tag="908" ind1=" " ind2=" ">
    <subfield code="a">NO APLICA</subfield>
  </datafield>
  <datafield tag="909" ind1=" " ind2=" ">
    <subfield code="a">ISFODOSU, Recinto F&#xE9;lix Evaristo Mej&#xED;a</subfield>
  </datafield>
  <datafield tag="910" ind1=" " ind2=" ">
    <subfield code="a">NULL</subfield>
    <subfield code="b">NULL</subfield>
  </datafield>
  <datafield tag="911" ind1=" " ind2=" ">
    <subfield code="a">["1"]</subfield>
  </datafield>
  <datafield tag="912" ind1=" " ind2=" ">
    <subfield code="a">NO APLICA</subfield>
  </datafield>
  <datafield tag="913" ind1=" " ind2=" ">
    <subfield code="a">NULL</subfield>
  </datafield>
  <datafield tag="914" ind1=" " ind2=" ">
    <subfield code="a">02 de Abril de 2012</subfield>
  </datafield>
  <datafield tag="915" ind1=" " ind2=" ">
    <subfield code="a">20/07/15 08:07</subfield>
  </datafield>
  <datafield tag="916" ind1=" " ind2=" ">
    <subfield code="a">NULL</subfield>
  </datafield>
  <datafield tag="917" ind1=" " ind2=" ">
    <subfield code="a">NULL</subfield>
  </datafield>
  <datafield tag="918" ind1=" " ind2=" ">
    <subfield code="a">NO APLICA</subfield>
  </datafield>
  <datafield tag="919" ind1=" " ind2=" ">
    <subfield code="a">["33","94","121","153"]</subfield>
  </datafield>
  <datafield tag="520" ind1=" " ind2=" ">
    <subfield code="a">Los objetivos principales del estudio consistieron en analizar el procedimiento de la gesti&#xF3;n del proyecto educativo del centro a nivel institucional y demag&#xF3;gico en el desarrollo de estrategias y actividades en los centros educativos Nivel B&#xE1;sico de la red #7, Distrito Educativo 10-06 de Mendoza, periodo 2010-2011, identificar el procedimiento de la elaboraci&#xF3;n PEC en los centros educativos de la Red. #7 y determinar los principales &#xE1;mbitos y prioridades que se contemplan en le PEC de dichos centros educativos.La metodolog&#xED;a utilizada fue de tipo descriptiva, como instrumento se utiliz&#xF3; el cuestionario y gu&#xED;a de entrevistas, como t&#xE9;cnicas de utilizaron la revisi&#xF3;n documental y entrevistas.&#xA0;Se trabaj&#xF3; con una poblaci&#xF3;n de 2 centros educativos del nivel b&#xE1;sico del distrito educativo 10-06 y como muestra se tom&#xF3; 4 docentes, 2 directores y 60 estudiantes.&#xA0;El estudio concluy&#xF3; que el involucramiento en el proceso de elaboraci&#xF3;n del PEC para estos es participativo donde participan docentes y padres sin embargo esto est&#xE1; siendo mal entendido por estos, ya que al analizar el PEC este involucramiento no es tal como ellos lo dicen &#xA0;que el proceso de elaboraci&#xF3;n y ejecuci&#xF3;n del PEC en el marco del desarrollo de las estrategias y actividades no est&#xE1;n siendo bien utilizadas por los centros educativos por lo que se consideran un desarrollo diferente y que los PEC no est&#xE1;n bien elaborados.El estudio recomend&#xF3; que los/as directores dise&#xF1;en programas, planes de mejora y estrategias que proporcionen el involucramiento activo de todos los actores del proceso educativo en le elaboraci&#xF3;n del PEC y el plan anual reforzar en la aplicaci&#xF3;n, ejecuci&#xF3;n, actividades y desarrollo de las estrategias en la realizaci&#xF3;n de los PEC de ambos centros e impulsar acciones dirigidas a reflexionar con los directivos sobre los pilares y componente del PEC, con mira al mejoramiento y fortalecimiento sistem&#xE1;ticos de la elaboraci&#xF3;n del mismo.</subfield>
  </datafield>
  <datafield tag="921" ind1=" " ind2=" ">
    <subfield code="a">16</subfield>
  </datafield>
  <datafield tag="922" ind1=" " ind2=" ">
    <subfield code="a">16</subfield>
  </datafield>
  <datafield tag="923" ind1=" " ind2=" ">
    <subfield code="a">0</subfield>
  </datafield>
  <datafield tag="924" ind1=" " ind2=" ">
    <subfield code="a">NO APLICA</subfield>
  </datafield>
  <datafield tag="942" ind1=" " ind2=" ">
    <subfield code="c">Tesis</subfield>
  </datafield>
  <datafield tag="999" ind1=" " ind2=" ">
    <subfield code="c">493</subfield>
    <subfield code="d">493</subfield>
  </datafield>
</record>
